El numero cuatro. c. astrágalo (apunte) /

Guardado en:
Formato: Libro
Publicado: : , 0
Materias:
Fc
Etiquetas: Agregar Etiqueta
Sin Etiquetas, Sea el primero en etiquetar este registro!
LEADER 00563nam a22001695a 4500
001 CEM.cems008325
005 20060214000000.0
008 130507b######################000#0#####d
003 CEMS
082 0 4 |a FA860 
245 0 0 |a El numero cuatro. c. astrágalo (apunte) / 
260 |a  :  |b , 0 
653 |a Fc 
859 |a CEMS  |b BIB. CEMS - 11 de abril  |h FA860  |i 20  |p 945.44  |t Ej.1 
859 |a CEMS  |b BIB. CEMS - 11 de abril  |h FA860  |i 20  |p 946.44  |t Ej.2 
859 |a CEMS  |b BIB. CEMS - 11 de abril  |h FA860  |i 20  |p 947.44  |t Ej.3 
859 |a CEMS  |b BIB. CEMS - 11 de abril  |h FA860  |i 20  |p 948.44  |t Ej.4